Vzťah sociálnej politiky a sociálnej práce ako praktických činnosí a študijných odborov

Sociálna politika - kľúčový pojem sociálnej teórie a praxe. Pojem a predmet sociálnej politiky. Miesto sociálnej práce ako profesie v systéme sociálnej politiky SR. Obsahová náplň sociálnej politiky v študijnom odbore sociálna práca.

Salvato in:
Dettagli Bibliografici
Autore principale: Jusko, Peter
Natura: Capitolo di libro
Lingua:slovacco
Soggetti:
Tags: Aggiungi Tag
Nessun Tag, puoi essere il primo ad aggiungerne!!

MARC

LEADER 00000naa a2200000 4500
001 r044902
005 20230913072238.4
041 0 |a slo 
044 |a CZ 
245 1 0 |a Vzťah sociálnej politiky a sociálnej práce ako praktických činnosí a študijných odborov  |c Peter Jusko 
520 |a Sociálna politika - kľúčový pojem sociálnej teórie a praxe. Pojem a predmet sociálnej politiky. Miesto sociálnej práce ako profesie v systéme sociálnej politiky SR. Obsahová náplň sociálnej politiky v študijnom odbore sociálna práca. 
610 2 0 |a politika sociálna 
610 2 0 |a práca sociálna 
610 2 0 |a pojmy 
610 2 0 |a odbory študijné 
610 2 0 |a zamestnanie 
610 2 0 |a UMB Banská Bystrica 
100 1 |a Jusko, Peter